| 000 | 00663nam a22001937a 4500 | ||
|---|---|---|---|
| 999 |
_c63855 _d63855 |
||
| 005 | 20260206164230.0 | ||
| 008 | 260206s2019 enk||||| |||| 00| 0 eng d | ||
| 020 | _a9789352705511x | ||
| 041 | _aeng | ||
| 080 | _a616.3(075.3) N-29 | ||
| 100 |
_a Nayak, Ramadas _926816 |
||
| 245 |
_aExam Preparatory Manual for Undergraduates: _bPathology / _c Ramadas Nayak, Rakshatha Nayak. |
||
| 264 |
_aNew Delhi : _bJaypee Brothers Medical Publishers, _c2019. |
||
| 300 |
_a854 p.: _bill.; _c29 cm. |
||
| 653 | _aპათოლოგია | ||
| 653 | _aმედიცინა | ||
| 700 |
_aNayak, Rakshatha _eავტორი _926817 |
||
| 942 |
_2udc _cᲬᲘᲒᲜᲘ |
||